| 000 | 00983nam a2200277 i 4500 | ||
|---|---|---|---|
| 001 | 181300 | ||
| 003 | ES-MaACL | ||
| 005 | 20250814054355.0 | ||
| 008 | 121207s2010 sp | |||||||| | spa d | ||
| 020 | _a978-84-89841-81-9 | ||
| 080 | _a061.236.6 | ||
| 080 | _a061.213 | ||
| 100 | 1 |
_aMohedano, Fabián ( _d1975-) _9151923 |
|
| 245 | 1 | 0 |
_aJóvenes scouts y francmasones adultos / _cFabian Mohedano, Joan-Francesc Pont ; prólogo de Ignacio Merino ; epílogo de "Mowgly". |
| 260 |
_aBarcelona : _bFundación Francisco Ferrer Guardia ; _aCalella [Barcelona] : _bClavell, _c2010 [i.e. 2011] |
||
| 300 |
_a134 p. ; _c23 cm. |
||
| 490 | 1 |
_aAcacia ; _v7 |
|
| 504 | _aBibliografía: p. 129-134. | ||
| 610 | 2 | 4 |
_aMasonería _95658 |
| 650 | 4 |
_aBoy scouts. _9151924 |
|
| 700 | 1 |
_aPont Clemente, Joan Francesc. _9138939 |
|
| 830 | 0 |
_aAcacia ; _v7 _9224717 |
|
| 852 |
_aES-MaACL _jA-12351 _9188184 _bR.148293 _cDEPO1 |
||
| 942 |
_2udc _cMONOGRAFIA |
||
| 999 |
_c181300 _d181300 |
||